Regional workshop on rearch and technology transfer for asian development AIT Bangkok Thailand
محفوظ في:
| مؤلف مشترك: | |
|---|---|
| التنسيق: | كتاب |
| اللغة: | Undetermined |
| منشور في: |
Bangkok
Asian institute of technology
1983
|
| الموضوعات: | |
| الوسوم: |
إضافة وسم
لا توجد وسوم, كن أول من يضع وسما على هذه التسجيلة!
|
| Thư viện lưu trữ: | Trung tâm Học liệu Trường Đại học Cần Thơ |
|---|
| LEADER | 00664nam a2200205Ia 4500 | ||
|---|---|---|---|
| 001 | CTU_102235 | ||
| 008 | 210402s9999 xx 000 0 und d | ||
| 082 | |a 338.0959 | ||
| 082 | |b R336 | ||
| 110 | |a Regional reserch and development center | ||
| 245 | 0 | |a Regional workshop on rearch and technology transfer for asian development AIT Bangkok Thailand | |
| 245 | 0 | |c Regional reserch and development center | |
| 260 | |a Bangkok | ||
| 260 | |b Asian institute of technology | ||
| 260 | |c 1983 | ||
| 650 | |a Developing countrie | ||
| 650 | |x Technology transfer | ||
| 650 | |z Asian | ||
| 904 | |i Hiếu | ||
| 980 | |a Trung tâm Học liệu Trường Đại học Cần Thơ | ||